Adam Sandler Movies - Statistics

General Stats
  • This quiz has been taken 23 times
  • The average score is 14 of 24
Answer Stats
Picture Answer % Correct
Happy Gilmore
100%
Billy Madison
95%
Click
95%
50 First Dates
86%
Big Daddy
82%
Grown Ups
77%
Hotel Transylvania
77%
That's My Boy
64%
Anger Management
59%
Mr. Deeds
59%
The Longest Yard
59%
The Wedding Singer
59%
Jack and Jill
55%
Just Go With It
55%
Little Nicky
55%
Pixels
55%
You Don't Mess With The Zohan
55%
Blended
50%
I Now Pronounce You Chuck and Larry
50%
Uncut Gems
41%
Eight Crazy Nights
27%
Spanglish
23%
Punch Drunk Love
14%
Reign Over Me
14%
No matching quizzes found
Score Distribution
Percent of People with Each Score
Percentile by Number Answered
Your Score History
You have not taken this quiz